书目信息 |
| 题名: |
材料力学
|
|
| 作者: | ;哈尔滨建筑工程学院 编 | |
| 分册: | 第二分册 | |
| 出版信息: | 北京 人民教育出版社 1979.7 |
|
| 页数: | 185 | |
| 开本: | 26cm | |
| 丛书名: | ||
| 单 册: | ||
| 中图分类: | TU501 | |
| 科图分类: | ||
| 主题词: | 建筑材料 | |
| 电子资源: | ||
| ISBN: | ||
| 000 | 00614nam0 2200205 45 | |
| 001 | 0181011616 | |
| 005 | 20060724162653.09 | |
| 010 | @dCNY1.00 | |
| 091 | @a15012.0177 | |
| 100 | @a20810111d km y0chiy0120 ea | |
| 101 | 0 | @achi |
| 200 | 1 | @Acai liao li xue@Fha er bin jian zhu gong cheng@a材料力学@f哈尔滨建筑工程学院编@e建筑力学@h第二分册@EJian Zhu Li Xue |
| 210 | @a北京@c人民教育出版社@d1979.7 | |
| 215 | @a185@c图表@d26cm | |
| 517 | @a建筑力学@AJian Zhu Li Xue | |
| 606 | 0 | @a建筑材料 |
| 690 | @aTU501 | |
| 711 | 02 | @a哈尔滨建筑工程学院@4编 |
| 801 | @aCN@bTSTC@c20060724 | |
| 905 | @dTU501@f1@b105422@e40:2 | |
| 材料力学/哈尔滨建筑工程学院编:建筑力学.第二分册.-北京:人民教育出版社,1979.7 |
| 185:图表;26cm |
| ISBN :CNY1.00 |
| ● |
| 相关链接 |
|
|
|
|
正题名:材料力学
索取号:TU501/40:2
 
预约/预借
| 序号 | 登录号 | 条形码 | 馆藏地/架位号 | 状态 | 备注 |
| 1 | 0105422 | 001480613 | 第三借阅区/ [索取号:TU501/40:2] | 在馆 | |
| 2 | 0105423 | 001480622 | 第二样本阅览室/ [索取号:TU501/40:2] | 在馆 | |
| 3 | 0438282 | 204382827 | 密集书库/ [索取号:TU501/40:2] | 在馆 | |
| 4 | 0438283 | 204382836 | 密集书库/ [索取号:TU501/40:2] | 在馆 |